00000000cam 2200000zi 4500
0019.958307
003CaOODSP
00520260605094917
006m     o  d f      
007cr |n|||||||||
008251210e198404  oncd    obs  f000 0 eng d
040 |aCaOODSP|beng|erda|cCaOODSP
043 |an-cn---
0861 |aJS42-128/1984E-PDF
24500|aLong term imprisonment in Canada. |nWorking paper no. 1: |pan overview of the long term prisoner population and suggested directions for further research.
264 1|a[Ottawa] : |bSolicitor General Canada = Solliciteur général Canada, |cApril 1984.
300 |a1 online resource (viii, 45 pages) : |bgraph
336 |atext|btxt|2rdacontent
337 |acomputer|bc|2rdamedia
338 |aonline resource|bcr|2rdacarrier
500 |aDigitized edition from print [produced by Public Safety Canada].
500 |aIssued also in French under title: : L'incarcération de longue durée au Canada. Document de travail no 1: détenus purgeant une peine de longue durée et propositions sur l'orientation des prochaines recherches.
504 |aIncludes bibliographical references (pages 42-45).
650 0|aPrisoners|zCanada|vStatistics.
650 0|aImprisonment|zCanada|vStatistics.
655 7|aStatistics|2lcgft
7101 |aCanada. |bSolicitor General Canada, |eissuing body
77508|tL'incarcération de longue durée au Canada. |w(CaOODSP)9.963337
85640|qPDF|s734 KB|uhttps://publications.gc.ca/collections/collection_2026/sp-ps/js42/JS42-128-1984-eng.pdf